Programovateľný funkčný generátor

Salvato in:
Dettagli Bibliografici
Autore principale: Rózsár, Tibor (Autore)
Altri autori: Jančárik, Vladimír (Relatore della tesi)
Natura: Manoscritto Libro
Lingua:slovacco
Pubblicazione: Bratislava : STU v Bratislave FEI, 2024
Soggetti:
Accesso online:https://opac.crzp.sk/?fn=detailBiblioFormChildMSS5M&sid=AA0D9432EF6DE826C2141F4F11D3&seo=CRZP-detail-kniha
Tags: Aggiungi Tag
Nessun Tag, puoi essere il primo ad aggiungerne!!

MARC

LEADER 00000ntm a22000003a 4500
001 stuzp94810
003 SK-STU
005 20250414121515.6
007 ta
008 150427s2015----xo-----f-mn---000-0-slo-d
040 |a STU  |b slo 
041 0 |a slo 
044 |a xo 
100 1 |a Rózsár, Tibor  |u 034000  |4 aut  |U FEI Fakulta elektrotechniky a informatiky  |T FEI Ústav elektrotechniky  |X 104031  |U E040  |Y 550  |7 104031 
242 0 1 |a Programmable function generator  |y eng 
245 1 0 |a Programovateľný funkčný generátor 
260 |a Bratislava :  |b STU v Bratislave FEI,  |c 2024 
300 |a 95 s., príl. 
650 4 |a funkcia  |2 slo 
650 4 |a sínus  |2 slo 
650 4 |a signál  |2 slo 
650 4 |a generátor  |2 slo 
650 4 |a obdĺžnik  |2 slo 
650 4 |a trojuholník  |2 slo 
650 4 |a function  |2 eng 
650 4 |a signal  |2 eng 
650 4 |a rectangle  |2 eng 
650 4 |a triangle  |2 eng 
650 4 |a generator  |2 eng 
650 4 |a sine  |2 eng 
700 1 |a Jančárik, Vladimír  |u 034000  |k Z1  |4 ths  |U FEI Fakulta elektrotechniky a informatiky  |T FEI Ústav elektrotechniky  |X 1862  |U E040  |Y 550  |7 A000001862 
856 4 |u https://opac.crzp.sk/?fn=detailBiblioFormChildMSS5M&sid=AA0D9432EF6DE826C2141F4F11D3&seo=CRZP-detail-kniha